| 000 | 00847nam a2200253 a 4500 | ||
|---|---|---|---|
| 005 | 20241211063737.0 | ||
| 008 | 180913s2008 mx r 000 0 spa d | ||
| 020 | _a9788480639248 | ||
| 035 | _aUPN01000226638 | ||
| 049 | _aCG | ||
| 050 | 4 |
_aLB2331 _bE5.72 |
|
| 245 | 0 | 3 |
_aLa enseñanza universitaria centrada en el aprendizaje : _bestrategias útiles para el profesorado / _ccoord. Leonor Prieto Navarro. |
| 260 |
_aBarcelona, Esp. : _bOctaedro, _c2008. |
||
| 300 |
_a188 p. : _bfigs., cuadros |
||
| 440 | 0 | _aEducación universitaria | |
| 650 | 4 |
_aEnseñanza universitaria _913570 |
|
| 650 | 7 |
_aEstrategias educativas _2 _91510 |
|
| 650 | 2 |
_aEducación superior _xMetodología _919723 |
|
| 650 | 4 |
_aMaestros universitarios _9894 |
|
| 700 | 1 |
_aPrieto Navarro, Leonor, _ecoord. |
|
| 905 | _aLibro | ||
| 999 |
_c198734 _d198734 |
||